|
|
|
|
| LEADER |
01104nam a22002897a 4500 |
| 001 |
40121 |
| 003 |
BD-DhAAL |
| 008 |
221127t2003 maua 001 0 eng d |
| 999 |
|
|
|c 45094
|d 45094
|
| 010 |
|
|
|a 2007279222
|
| 020 |
|
|
|a 9780618341603
|
| 020 |
|
|
|a 0618341609
|
| 020 |
|
|
|a 0618341617
|
| 040 |
|
|
|a DLC
|c DLC
|d BD-DhAAL
|
| 050 |
0 |
0 |
|a PS688
|b .B48 2008
|
| 082 |
0 |
0 |
|a 808.0427
|2 22
|
| 245 |
0 |
4 |
|a The best American essays /
|c edited and with an introduction by Anne Fadiman.
|
| 260 |
|
|
|a New York :
|b Houghton Mifflin,
|c c2003.
|
| 300 |
|
|
|a xxiii, 339 pages :
|b illustrations ;
|c 21 cm.
|
| 504 |
|
|
|a Includes bibliographical references and index.
|
| 541 |
|
|
|a Donated By Akbar Ali Khan
|e 40121
|
| 650 |
|
0 |
|a American essays
|y 20th century.
|9 52599
|
| 700 |
1 |
|
|a Fadiman, Anne,
|4 editor.
|9 52600
|
| 700 |
1 |
|
|a Atwan, Robert,
|e series editior.
|9 52601
|
| 852 |
|
|
|a Ayesha Abed Library
|c Akbar Ali Khan Collection
|
| 942 |
|
|
|2 ddc
|c BK
|
| 952 |
|
|
|0 0
|1 0
|2 ddc
|4 0
|6 808_042700000000000_BES
|7 1
|9 72408
|a BRACUL
|b BRACUL
|c AAKC
|d 2022-11-27
|e Donated by Akbar Ali Khan
|l 0
|o 808.0427 BES
|p 3010040121
|r 2022-11-27
|t 1
|w 2022-11-27
|y BK
|